[Event "Irena Warakomska Memorial A"]
[Site "Suwalki"]
[Date "2020.08.06"]
[Round "1"]
[White "Flis, Pawel"]
[Black "Deruelle Sala, Albert"]
[Result "1-0"]
[Board "16"]
[WhiteElo "1873"]
[WhiteCountry "POL"]
[WhiteFideId "1112864"]
[WhiteEloChange "15"]
[BlackElo "2086"]
[BlackCountry "ESP"]
[BlackFideId "2261995"]
[BlackEloChange "-15"]

1. Nf3 {[%clk 1:30:56]} f5 {[%clk 1:30:42]} 2. d3 {[%clk 1:31:09]} Nf6 {[%clk
1:31:05]} 3. e4 {[%clk 1:31:12]} d6 {[%clk 1:31:18]} 4. exf5 {[%clk 1:29:37]}
Bxf5 {[%clk 1:31:39]} 5. d4 {[%clk 1:29:57]} e6 {[%clk 1:29:46]} 6. Bd3 {[%clk
1:28:39]} Bxd3 {[%clk 1:22:54]} 7. Qxd3 {[%clk 1:28:52]} Qd7 {[%clk 1:22:46]} 8.
O-O {[%clk 1:27:27]} Nc6 {[%clk 1:22:24]} 9. Re1 {[%clk 1:24:11]} O-O-O {[%clk
1:21:55]} 10. c4 {[%clk 1:18:40]} e5 {[%clk 0:56:44]} 11. d5 {[%clk 1:14:09]} e4
{[%clk 0:49:51]} 12. dxc6 {[%clk 1:05:32]} Qxc6 {[%clk 0:49:35]} 13. Qd4 {[%clk
0:53:36]} exf3 {[%clk 0:49:52]} 14. Bg5 {[%clk 0:39:49]} d5 {[%clk 0:26:42]} 15.
Bxf6 {[%clk 0:30:24]} gxf6 {[%clk 0:25:47]} 16. Qg4+ {[%clk 0:24:45]} Kb8 {[%clk
0:25:26]} 17. Qxf3 {[%clk 0:22:59]} Bb4 {[%clk 0:25:45]} 18. cxd5 {[%clk
0:17:43]} Qc2 {[%clk 0:25:28]} 19. Qe2 {[%clk 0:13:00]} Qg6 {[%clk 0:21:12]} 20.
Nc3 {[%clk 0:12:32]} Bxc3 {[%clk 0:17:30]} 21. bxc3 {[%clk 0:12:55]} Rxd5 {[%clk
0:17:52]} 22. g3 {[%clk 0:08:45]} h5 {[%clk 0:15:10]} 23. Qe4 {[%clk 0:08:23]}
Qf7 {[%clk 0:15:25]} 24. Qe6 {[%clk 0:07:57]} Qxe6 {[%clk 0:13:44]} 25. Rxe6
{[%clk 0:08:21]} Rf5 {[%clk 0:14:04]} 26. Rae1 {[%clk 0:07:47]} b5 {[%clk
0:13:07]} 27. Kg2 {[%clk 0:04:53]} Kb7 {[%clk 0:13:18]} 28. Re8 {[%clk 0:05:02]}
Rh6 {[%clk 0:13:10]} 29. h4 {[%clk 0:04:40]} Rg6 {[%clk 0:12:50]} 30. R1e6 {[%clk
0:04:29]} a5 {[%clk 0:12:41]} 31. Rf8 {[%clk 0:04:25]} a4 {[%clk 0:12:19]} 32.
Rf7 {[%clk 0:04:38]} a3 {[%clk 0:12:10]} 33. Rf8 {[%clk 0:04:17]} Rc5 {[%clk
0:12:20]} 34. Rfxf6 {[%clk 0:03:21]} Rxf6 {[%clk 0:10:53]} 35. Rxf6 {[%clk
0:03:47]} Rxc3 {[%clk 0:11:16]} 36. Rf5 {[%clk 0:03:29]} c5 {[%clk 0:09:31]} 37.
Rxh5 {[%clk 0:02:50]} b4 {[%clk 0:09:31]} 38. Re5 {[%clk 0:02:06]} b3 {[%clk
0:09:18]} 39. axb3 {[%clk 0:01:30]} Kc6 {[%clk 0:05:49]} 40. h5 {[%clk 0:31:06]}
Rxb3 {[%clk 0:35:27]} 41. Re8 {[%clk 0:26:25]} Kd5 {[%clk 0:31:30]} 42. h6 {[%clk
0:16:48]} Rb7 {[%clk 0:31:57]} 43. g4 {[%clk 0:17:02]} Ra7 {[%clk 0:32:14]} 44.
Re1 {[%clk 0:16:28]} c4 {[%clk 0:18:47]} 45. g5 {[%clk 0:15:55]} Rh7 {[%clk
0:19:12]} 46. Ra1 {[%clk 0:13:16]} Ke4 {[%clk 0:13:53]} 47. Kg3 {[%clk 0:07:32]}
Kf5 {[%clk 0:13:50]} 48. Kh4 {[%clk 0:07:22]} Ra7 {[%clk 0:13:37]} 49. Kh5 {[%clk
0:04:35]} a2 {[%clk 0:13:44]} 50. f4 {[%clk 0:03:46]} c3 {[%clk 0:11:40]} 51. g6
{[%clk 0:03:30]} Kf6 {[%clk 0:12:02]} 52. f5 {[%clk 0:02:24]} c2 {[%clk 0:08:23]}
53. h7 {[%clk 0:01:36]} Kg7 {[%clk 0:08:28]} 54. f6+ {[%clk 0:01:45]} 1-0

[Event "Irena Warakomska Memorial A"]
[Site "Suwalki"]
[Date "2020.08.07"]
[Round "2"]
[White "Janik, Igor"]
[Black "Rasti, Arvin"]
[Result "1-0"]
[Board "2"]
[WhiteElo "2471"]
[WhiteTitle "IM"]
[WhiteCountry "POL"]
[WhiteFideId "1159259"]
[WhiteEloChange "2"]
[BlackElo "2269"]
[BlackCountry "SWE"]
[BlackFideId "1741160"]
[BlackEloChange "-5"]

1. e4 {[%clk 1:30:57]} c5 {[%clk 1:30:38]} 2. Nf3 {[%clk 1:31:20]} d6 {[%clk
1:31:03]} 3. Bb5+ {[%clk 1:31:44]} Bd7 {[%clk 1:31:26]} 4. a4 {[%clk 1:32:08]}
Nc6 {[%clk 1:30:56]} 5. O-O {[%clk 1:32:14]} g6 {[%clk 1:30:11]} 6. Re1 {[%clk
1:31:36]} Bg7 {[%clk 1:30:25]} 7. c3 {[%clk 1:31:56]} a6 {[%clk 1:27:30]} 8. Bf1
{[%clk 1:29:31]} e5 {[%clk 1:22:18]} 9. Na3 {[%clk 1:27:17]} Nge7 {[%clk
1:19:34]} 10. Nc4 {[%clk 1:25:43]} Qc7 {[%clk 1:18:22]} 11. d4 {[%clk 1:17:16]}
O-O {[%clk 1:11:45]} 12. dxc5 {[%clk 1:13:48]} dxc5 {[%clk 1:12:09]} 13. Be3
{[%clk 1:13:50]} b6 {[%clk 1:09:52]} 14. a5 {[%clk 1:07:07]} Nxa5 {[%clk
1:04:47]} 15. Nxb6 {[%clk 1:06:19]} Be6 {[%clk 0:53:44]} 16. Nxa8 {[%clk
1:05:55]} Rxa8 {[%clk 0:54:08]} 17. Nd2 {[%clk 1:04:58]} Rb8 {[%clk 0:48:59]} 18.
Qa4 {[%clk 1:03:16]} Nb3 {[%clk 0:47:33]} 19. Nxb3 {[%clk 1:03:20]} Bxb3 {[%clk
0:47:48]} 20. Qxa6 {[%clk 1:03:30]} c4 {[%clk 0:47:46]} 21. Qa7 {[%clk 1:03:19]}
Qd8 {[%clk 0:47:12]} 22. Qc5 {[%clk 1:02:53]} Rc8 {[%clk 0:47:28]} 23. Qb6 {[%clk
1:03:07]} Qe8 {[%clk 0:47:07]} 24. Ra7 {[%clk 1:01:09]} Nc6 {[%clk 0:45:49]} 25.
Rc7 {[%clk 1:01:23]} Rxc7 {[%clk 0:46:10]} 26. Qxc7 {[%clk 1:01:52]} Qa8 {[%clk
0:46:28]} 27. Qb6 {[%clk 1:00:15]} Bf6 {[%clk 0:45:24]} 28. Qb5 {[%clk 1:00:15]}
1-0

[Event "Irena Warakomska Memorial A"]
[Site "Suwalki"]
[Date "2020.08.07"]
[Round "2"]
[White "Budzisz, Adrian"]
[Black "Chojnowski, Marcin"]
[Result "1-0"]
[Board "15"]
[WhiteElo "1901"]
[WhiteCountry "POL"]
[WhiteFideId "21860238"]
[WhiteEloChange "14"]
[BlackElo "2035"]
[BlackCountry "POL"]
[BlackFideId "1121456"]
[BlackEloChange "-14"]

1. e4 {[%clk 1:30:53]} c5 {[%clk 1:30:41]} 2. Nf3 {[%clk 1:31:19]} d6 {[%clk
1:31:00]} 3. Bb5+ {[%clk 1:31:41]} Nd7 {[%clk 1:31:27]} 4. Ba4 {[%clk 1:32:06]}
a6 {[%clk 1:31:12]} 5. c4 {[%clk 1:32:22]} Nf6 {[%clk 1:31:03]} 6. O-O {[%clk
1:32:45]} e6 {[%clk 1:30:58]} 7. Re1 {[%clk 1:32:49]} Be7 {[%clk 1:30:47]} 8. Nc3
{[%clk 1:32:10]} O-O {[%clk 1:30:57]} 9. Bc2 {[%clk 1:31:08]} e5 {[%clk 1:28:15]}
10. d3 {[%clk 1:29:02]} Ne8 {[%clk 1:23:41]} 11. Nd2 {[%clk 1:25:43]} f5 {[%clk
1:23:23]} 12. exf5 {[%clk 1:25:50]} Nb8 {[%clk 1:16:28]} 13. g4 {[%clk 1:21:24]}
Nc6 {[%clk 1:15:33]} 14. Nd5 {[%clk 1:14:39]} Nf6 {[%clk 1:09:12]} 15. Nxf6+
{[%clk 1:12:29]} Bxf6 {[%clk 1:09:09]} 16. Ne4 {[%clk 1:12:21]} Nd4 {[%clk
1:04:28]} 17. h3 {[%clk 1:10:11]} Kh8 {[%clk 1:01:19]} 18. Be3 {[%clk 1:09:29]}
b6 {[%clk 0:59:01]} 19. Bxd4 {[%clk 0:57:14]} cxd4 {[%clk 0:59:05]} 20. b4 {[%clk
0:56:34]} Bg5 {[%clk 0:56:39]} 21. Bb3 {[%clk 0:39:10]} Bf4 {[%clk 0:55:43]} 22.
Kg2 {[%clk 0:38:37]} Bb7 {[%clk 0:50:41]} 23. Re2 {[%clk 0:36:19]} Qh4 {[%clk
0:47:28]} 24. Qe1 {[%clk 0:35:19]} Qf6 {[%clk 0:43:11]} 25. f3 {[%clk 0:34:54]}
Qh6 {[%clk 0:43:11]} 26. h4 {[%clk 0:32:10]} Rac8 {[%clk 0:32:42]} 27. Qf2 {[%clk
0:27:21]} b5 {[%clk 0:27:46]} 28. cxb5 {[%clk 0:25:14]} axb5 {[%clk 0:26:09]} 29.
g5 {[%clk 0:19:05]} Qh5 {[%clk 0:24:16]} 30. Nxd6 {[%clk 0:19:10]} Be3 {[%clk
0:23:17]} 31. Qg3 {[%clk 0:18:40]} Ba8 {[%clk 0:22:30]} 32. Nxc8 {[%clk 0:13:24]}
Rxc8 {[%clk 0:22:53]} 33. Rf1 {[%clk 0:13:40]} Bf4 {[%clk 0:18:59]} 34. Qh3
{[%clk 0:13:40]} Rc3 {[%clk 0:19:24]} 35. Rc2 {[%clk 0:13:59]} Qe8 {[%clk
0:19:23]} 36. Rxc3 {[%clk 0:14:14]} dxc3 {[%clk 0:19:48]} 37. Rf2 {[%clk
0:14:18]} Qd7 {[%clk 0:20:02]} 1-0

[Event "Irena Warakomska Memorial A"]
[Site "Suwalki"]
[Date "2020.08.08"]
[Round "3"]
[White "Gumularz, Szymon"]
[Black "Grabarczyk, Miroslaw"]
[Result "1/2-1/2"]
[Board "1"]
[WhiteElo "2506"]
[WhiteTitle "IM"]
[WhiteCountry "POL"]
[WhiteFideId "1188062"]
[WhiteEloChange "-2"]
[BlackElo "2368"]
[BlackTitle "GM"]
[BlackCountry "POL"]
[BlackFideId "1101684"]
[BlackEloChange "4"]

1. d4 {[%clk 1:30:56]} d5 {[%clk 1:30:47]} 2. c4 {[%clk 1:31:21]} e6 {[%clk
1:31:09]} 3. Nf3 {[%clk 1:31:38]} Nf6 {[%clk 1:30:52]} 4. Nc3 {[%clk 1:32:00]}
Be7 {[%clk 1:29:57]} 5. g3 {[%clk 1:31:51]} O-O {[%clk 1:29:16]} 6. Bg2 {[%clk
1:32:14]} c6 {[%clk 1:21:50]} 7. b3 {[%clk 1:28:27]} Nbd7 {[%clk 1:20:18]} 8. O-O
{[%clk 1:24:27]} b6 {[%clk 1:19:26]} 9. Qd3 {[%clk 1:15:52]} Bb7 {[%clk 1:16:02]}
10. Bf4 {[%clk 1:14:12]} Nh5 {[%clk 1:08:18]} 11. Bd2 {[%clk 1:08:21]} Nhf6
{[%clk 1:07:08]} 12. Bf4 {[%clk 1:08:01]} Nh5 {[%clk 1:07:14]} 13. Bd2 {[%clk
1:08:28]} Nhf6 {[%clk 1:07:31]} 14. Rad1 {[%clk 1:08:37]} a6 {[%clk 1:03:01]} 15.
e4 {[%clk 0:55:00]} dxe4 {[%clk 0:53:46]} 16. Nxe4 {[%clk 0:55:19]} c5 {[%clk
0:54:06]} 1/2-1/2

[Event "Irena Warakomska Memorial A"]
[Site "Suwalki"]
[Date "2020.08.08"]
[Round "3"]
[White "Goluch, Piotr"]
[Black "Janik, Igor"]
[Result "0-1"]
[Board "2"]
[WhiteElo "2373"]
[WhiteTitle "IM"]
[WhiteCountry "POL"]
[WhiteFideId "1137840"]
[WhiteEloChange "-7"]
[BlackElo "2471"]
[BlackTitle "IM"]
[BlackCountry "POL"]
[BlackFideId "1159259"]
[BlackEloChange "4"]

1. d4 {[%clk 1:30:57]} Nf6 {[%clk 1:30:52]} 2. c4 {[%clk 1:31:23]} e6 {[%clk
1:31:17]} 3. g3 {[%clk 1:31:49]} Bb4+ {[%clk 1:31:41]} 4. Bd2 {[%clk 1:32:04]} c5
{[%clk 1:32:05]} 5. Bxb4 {[%clk 1:31:15]} cxb4 {[%clk 1:32:34]} 6. Bg2 {[%clk
1:28:25]} a5 {[%clk 1:32:46]} 7. Nd2 {[%clk 1:25:20]} d6 {[%clk 1:29:49]} 8. Ngf3
{[%clk 1:24:27]} O-O {[%clk 1:29:31]} 9. O-O {[%clk 1:24:16]} b6 {[%clk 1:28:56]}
10. e4 {[%clk 1:17:53]} Bb7 {[%clk 1:25:43]} 11. Qc2 {[%clk 1:10:24]} Nc6 {[%clk
1:23:44]} 12. d5 {[%clk 1:00:08]} exd5 {[%clk 1:20:43]} 13. exd5 {[%clk 0:59:11]}
Ne7 {[%clk 1:20:43]} 14. Rfe1 {[%clk 0:55:06]} Rc8 {[%clk 1:18:23]} 15. Qd3
{[%clk 0:47:10]} Ng6 {[%clk 1:04:00]} 16. Rac1 {[%clk 0:37:07]} Nd7 {[%clk
1:01:07]} 17. Nd4 {[%clk 0:37:25]} Nge5 {[%clk 0:59:39]} 18. Qb1 {[%clk 0:33:52]}
Nc5 {[%clk 0:54:12]} 19. Bf1 {[%clk 0:34:16]} Re8 {[%clk 0:36:26]} 20. Ne4 {[%clk
0:30:35]} b5 {[%clk 0:33:03]} 21. Nxc5 {[%clk 0:17:40]} dxc5 {[%clk 0:28:49]} 22.
Qf5 {[%clk 0:17:02]} g6 {[%clk 0:21:55]} 23. Qf4 {[%clk 0:18:34]} cxd4 {[%clk
0:19:42]} 24. Rxe5 {[%clk 0:19:02]} Rxe5 {[%clk 0:19:07]} 25. Qxe5 {[%clk
0:19:31]} Bxd5 {[%clk 0:18:10]} 26. c5 {[%clk 0:16:24]} Bxa2 {[%clk 0:13:40]} 27.
c6 {[%clk 0:11:54]} d3 {[%clk 0:10:43]} 28. Rd1 {[%clk 0:09:39]} Qd5 {[%clk
0:08:58]} 29. Qe7 {[%clk 0:09:27]} Qxc6 {[%clk 0:08:39]} 30. Rxd3 {[%clk
0:09:48]} Qe8 {[%clk 0:07:36]} 31. Qf6 {[%clk 0:09:22]} Bc4 {[%clk 0:06:33]} 32.
Re3 {[%clk 0:09:51]} Qc6 {[%clk 0:06:51]} 33. Qxc6 {[%clk 0:08:03]} Rxc6 {[%clk
0:07:19]} 34. Re8+ {[%clk 0:08:28]} Kg7 {[%clk 0:07:45]} 35. Rb8 {[%clk 0:08:54]}
Rc5 {[%clk 0:07:48]} 36. Bg2 {[%clk 0:09:10]} a4 {[%clk 0:08:04]} 37. Ra8 {[%clk
0:09:29]} Re5 {[%clk 0:08:27]} 0-1

[Event "Irena Warakomska Memorial A"]
[Site "Suwalki"]
[Date "2020.08.08"]
[Round "3"]
[White "Godzwon, Iwo"]
[Black "Lewicki, Miroslaw"]
[Result "1-0"]
[Board "3"]
[WhiteElo "2347"]
[WhiteTitle "FM"]
[WhiteCountry "POL"]
[WhiteFideId "21802483"]
[WhiteEloChange "10"]
[BlackElo "2340"]
[BlackTitle "IM"]
[BlackCountry "POL"]
[BlackFideId "1113380"]
[BlackEloChange "-10"]

1. e4 {[%clk 1:30:59]} c5 {[%clk 1:30:50]} 2. Nf3 {[%clk 1:31:25]} d6 {[%clk
1:31:12]} 3. d4 {[%clk 1:31:51]} cxd4 {[%clk 1:31:31]} 4. Nxd4 {[%clk 1:32:18]}
Nf6 {[%clk 1:31:52]} 5. Nc3 {[%clk 1:32:45]} a6 {[%clk 1:32:14]} 6. Be3 {[%clk
1:33:10]} Ng4 {[%clk 1:29:51]} 7. Bc1 {[%clk 1:26:24]} Nf6 {[%clk 1:29:47]} 8. f3
{[%clk 1:22:58]} e6 {[%clk 1:25:59]} 9. Be3 {[%clk 1:22:22]} Qc7 {[%clk 1:25:55]}
10. Qd2 {[%clk 1:21:44]} Be7 {[%clk 1:26:14]} 11. g4 {[%clk 1:18:15]} b5 {[%clk
1:23:36]} 12. O-O-O {[%clk 1:18:37]} Bb7 {[%clk 1:20:10]} 13. g5 {[%clk 1:02:01]}
Nfd7 {[%clk 1:20:02]} 14. h4 {[%clk 0:56:46]} b4 {[%clk 1:17:27]} 15. Nce2 {[%clk
0:52:31]} d5 {[%clk 1:15:33]} 16. exd5 {[%clk 0:52:22]} Bxd5 {[%clk 1:15:36]} 17.
Kb1 {[%clk 0:51:18]} Nb6 {[%clk 1:04:28]} 18. Nf4 {[%clk 0:44:36]} N8d7 {[%clk
1:00:05]} 19. Nf5 {[%clk 0:35:42]} Bxa2+ {[%clk 0:50:46]} 20. Kxa2 {[%clk
0:36:08]} exf5 {[%clk 0:51:11]} 21. Nd5 {[%clk 0:29:46]} Nxd5 {[%clk 0:50:26]}
22. Qxd5 {[%clk 0:30:12]} Rd8 {[%clk 0:48:04]} 23. Qxf5 {[%clk 0:30:37]} O-O
{[%clk 0:39:29]} 24. h5 {[%clk 0:21:39]} Ne5 {[%clk 0:31:22]} 25. Be2 {[%clk
0:18:05]} Rfe8 {[%clk 0:19:56]} 26. f4 {[%clk 0:13:58]} Nd7 {[%clk 0:20:19]} 27.
g6 {[%clk 0:12:24]} Nf6 {[%clk 0:17:08]} 28. b3 {[%clk 0:11:04]} fxg6 {[%clk
0:13:14]} 29. hxg6 {[%clk 0:11:25]} h6 {[%clk 0:13:33]} 30. Bc4+ {[%clk 0:11:29]}
Kh8 {[%clk 0:13:43]} 31. Bd4 {[%clk 0:09:57]} Rxd4 {[%clk 0:08:20]} 32. Rxd4
{[%clk 0:10:23]} Rf8 {[%clk 0:07:57]} 33. Qe5 {[%clk 0:09:26]} Qa7 {[%clk
0:07:01]} 34. Rd2 {[%clk 0:08:47]} Ng8 {[%clk 0:04:09]} 35. Qe6 {[%clk 0:06:25]}
Nf6 {[%clk 0:02:09]} 36. Kb1 {[%clk 0:03:24]} a5 {[%clk 0:02:08]} 37. Re1 {[%clk
0:02:53]} Bc5 {[%clk 0:01:44]} 38. Qc6 {[%clk 0:02:28]} a4 {[%clk 0:00:46]} 39.
bxa4 {[%clk 0:01:58]} b3 {[%clk 0:00:35]} 40. Bxb3 {[%clk 0:31:17]} Bb4 {[%clk
0:30:02]} 41. c3 {[%clk 0:28:56]} Ba5 {[%clk 0:28:58]} 42. Kc2 {[%clk 0:27:22]}
Qb8 {[%clk 0:28:24]} 43. Qc5 {[%clk 0:19:45]} Bc7 {[%clk 0:28:18]} 44. Red1
{[%clk 0:17:56]} Ne4 {[%clk 0:27:10]} 45. Qb4 {[%clk 0:17:53]} Nxd2 {[%clk
0:25:22]} 46. Qxb8 {[%clk 0:17:50]} Rxb8 {[%clk 0:25:08]} 47. Rxd2 {[%clk
0:17:48]} Bxf4 {[%clk 0:24:52]} 48. Rd5 {[%clk 0:17:43]} Bc7 {[%clk 0:21:41]} 49.
Rc5 {[%clk 0:17:22]} Bd8 {[%clk 0:21:29]} 50. Bd5 {[%clk 0:17:04]} Be7 {[%clk
0:20:13]} 51. Rb5 {[%clk 0:15:29]} 1-0

[Event "Irena Warakomska Memorial A"]
[Site "Suwalki"]
[Date "2020.08.08"]
[Round "3"]
[White "Jarocka, Liwia"]
[Black "Kucza, Karol"]
[Result "1/2-1/2"]
[Board "4"]
[WhiteElo "1934"]
[WhiteTitle "FM"]
[WhiteCountry "POL"]
[WhiteFideId "21807558"]
[WhiteEloChange "8"]
[BlackElo "2277"]
[BlackTitle "FM"]
[BlackCountry "POL"]
[BlackFideId "1159755"]
[BlackEloChange "-8"]

1. e4 {[%clk 1:30:57]} c6 {[%clk 1:30:49]} 2. d4 {[%clk 1:31:19]} d5 {[%clk
1:31:12]} 3. Nd2 {[%clk 1:31:34]} dxe4 {[%clk 1:31:33]} 4. Nxe4 {[%clk 1:31:57]}
Bf5 {[%clk 1:31:28]} 5. Ng3 {[%clk 1:32:07]} Bg6 {[%clk 1:31:47]} 6. h4 {[%clk
1:32:23]} h6 {[%clk 1:32:07]} 7. Nf3 {[%clk 1:32:39]} Nd7 {[%clk 1:30:58]} 8. h5
{[%clk 1:32:37]} Bh7 {[%clk 1:31:20]} 9. Bd3 {[%clk 1:32:41]} Bxd3 {[%clk
1:31:18]} 10. Qxd3 {[%clk 1:33:03]} e6 {[%clk 1:31:36]} 11. Bd2 {[%clk 1:33:21]}
Ngf6 {[%clk 1:31:11]} 12. O-O-O {[%clk 1:33:34]} Be7 {[%clk 1:31:20]} 13. Kb1
{[%clk 1:33:40]} O-O {[%clk 1:26:50]} 14. Ne4 {[%clk 1:32:42]} Nxe4 {[%clk
1:23:52]} 15. Qxe4 {[%clk 1:33:02]} Nf6 {[%clk 1:23:35]} 16. Qe2 {[%clk 1:33:14]}
Qd5 {[%clk 1:22:28]} 17. Be3 {[%clk 1:32:09]} Rad8 {[%clk 1:00:40]} 18. Ne5
{[%clk 1:22:16]} c5 {[%clk 0:56:56]} 19. Ng4 {[%clk 1:09:44]} Nxg4 {[%clk
0:48:52]} 20. Qxg4 {[%clk 1:10:03]} f5 {[%clk 0:49:10]} 21. Qe2 {[%clk 1:04:02]}
c4 {[%clk 0:46:26]} 22. Bf4 {[%clk 1:00:31]} Bd6 {[%clk 0:42:20]} 23. g3 {[%clk
0:37:21]} b5 {[%clk 0:40:02]} 24. Rhe1 {[%clk 0:37:11]} Kf7 {[%clk 0:37:00]} 25.
Bxd6 {[%clk 0:32:13]} Rxd6 {[%clk 0:36:53]} 26. g4 {[%clk 0:32:11]} Rfd8 {[%clk
0:34:56]} 27. f4 {[%clk 0:29:29]} a5 {[%clk 0:28:37]} 1/2-1/2

[Event "Irena Warakomska Memorial A"]
[Site "Suwalki"]
[Date "2020.08.08"]
[Round "3"]
[White "Jakhari, Ansh"]
[Black "Wolanski, Michal"]
[Result "0-1"]
[Board "5"]
[WhiteElo "1936"]
[WhiteCountry "NED"]
[WhiteFideId "1066005"]
[WhiteEloChange "-9"]
[BlackElo "1984"]
[BlackCountry "POL"]
[BlackFideId "1137778"]
[BlackEloChange "9"]

1. e4 {[%clk 1:30:56]} c5 {[%clk 1:30:56]} 2. Nf3 {[%clk 1:31:19]} Nc6 {[%clk
1:31:22]} 3. d4 {[%clk 1:31:40]} cxd4 {[%clk 1:31:49]} 4. Nxd4 {[%clk 1:32:05]}
Nf6 {[%clk 1:32:11]} 5. Nc3 {[%clk 1:32:27]} e5 {[%clk 1:32:33]} 6. Ndb5 {[%clk
1:32:31]} d6 {[%clk 1:32:55]} 7. Bg5 {[%clk 1:32:45]} a6 {[%clk 1:33:19]} 8. Na3
{[%clk 1:33:10]} b5 {[%clk 1:33:42]} 9. Nd5 {[%clk 1:33:35]} Be7 {[%clk 1:33:58]}
10. Bxf6 {[%clk 1:33:46]} Bxf6 {[%clk 1:33:42]} 11. c3 {[%clk 1:34:07]} O-O
{[%clk 1:33:31]} 12. Nc2 {[%clk 1:34:13]} Bg5 {[%clk 1:33:17]} 13. Be2 {[%clk
1:32:54]} Ne7 {[%clk 1:27:24]} 14. Ncb4 {[%clk 1:31:26]} Be6 {[%clk 1:23:03]} 15.
O-O {[%clk 1:31:10]} f5 {[%clk 1:17:35]} 16. f3 {[%clk 1:29:48]} Kh8 {[%clk
1:13:50]} 17. Qd3 {[%clk 1:25:32]} Nxd5 {[%clk 1:05:09]} 18. Nxd5 {[%clk
1:24:00]} Bxd5 {[%clk 1:05:34]} 19. Qxd5 {[%clk 1:24:25]} Be3+ {[%clk 1:05:39]}
20. Kh1 {[%clk 1:24:34]} f4 {[%clk 1:03:46]} 21. Qe6 {[%clk 1:16:49]} Rf6 {[%clk
1:03:09]} 22. Qg4 {[%clk 1:17:04]} Rg6 {[%clk 1:03:19]} 23. Qh5 {[%clk 1:16:43]}
Qe7 {[%clk 0:59:17]} 24. a4 {[%clk 1:15:35]} Rh6 {[%clk 0:58:50]} 25. Qg4 {[%clk
1:13:41]} Rh4 {[%clk 0:58:54]} 26. Qf5 {[%clk 1:07:10]} g6 {[%clk 0:55:48]} 27.
Qh3 {[%clk 1:05:00]} Rxh3 {[%clk 0:55:57]} 28. gxh3 {[%clk 1:05:25]} bxa4 {[%clk
0:55:00]} 29. Rxa4 {[%clk 1:05:50]} Qb7 {[%clk 0:52:09]} 30. b4 {[%clk 1:05:54]}
d5 {[%clk 0:48:12]} 31. Bd3 {[%clk 1:05:58]} Qd7 {[%clk 0:45:31]} 32. Ra5 {[%clk
1:05:47]} dxe4 {[%clk 0:41:59]} 33. Bxe4 {[%clk 1:06:12]} Rc8 {[%clk 0:41:33]}
34. Rxa6 {[%clk 1:05:55]} Rxc3 {[%clk 0:41:11]} 35. Raa1 {[%clk 1:05:34]} Rb3
{[%clk 0:31:59]} 36. Ra8+ {[%clk 1:04:05]} Kg7 {[%clk 0:32:13]} 37. Rb8 {[%clk
1:04:10]} Qxh3 {[%clk 0:31:31]} 38. Rd1 {[%clk 1:03:58]} Rb2 {[%clk 0:31:15]} 39.
Rb7+ {[%clk 1:04:18]} Kh6 {[%clk 0:31:24]} 40. Rdd7 {[%clk 1:04:01]} Qxh2# {[%clk
0:31:39]} 0-1

[Event "Irena Warakomska Memorial A"]
[Site "Suwalki"]
[Date "2020.08.08"]
[Round "3"]
[White "Rasti, Arvin"]
[Black "Deruelle Sala, Albert"]
[Result "1-0"]
[Board "6"]
[WhiteElo "2269"]
[WhiteCountry "SWE"]
[WhiteFideId "1741160"]
[WhiteEloChange "5"]
[BlackElo "2086"]
[BlackCountry "ESP"]
[BlackFideId "2261995"]
[BlackEloChange "-5"]

1. d4 {[%clk 1:30:56]} f5 {[%clk 1:29:19]} 2. Bg5 {[%clk 1:31:09]} h6 {[%clk
1:29:25]} 3. Bh4 {[%clk 1:31:32]} g5 {[%clk 1:29:53]} 4. Bg3 {[%clk 1:31:48]} Nf6
{[%clk 1:29:22]} 5. e3 {[%clk 1:32:05]} d6 {[%clk 1:29:33]} 6. Nc3 {[%clk
1:28:22]} a6 {[%clk 1:24:31]} 7. h4 {[%clk 1:26:56]} Rg8 {[%clk 1:23:38]} 8. Bc4
{[%clk 1:22:47]} e6 {[%clk 1:23:32]} 9. hxg5 {[%clk 1:19:53]} hxg5 {[%clk
1:23:59]} 10. a4 {[%clk 1:19:41]} d5 {[%clk 1:19:37]} 11. Be2 {[%clk 1:12:05]}
Bd6 {[%clk 1:18:50]} 12. Bxd6 {[%clk 1:10:51]} cxd6 {[%clk 1:14:04]} 13. g4
{[%clk 1:06:32]} fxg4 {[%clk 1:05:08]} 14. Bxg4 {[%clk 1:06:23]} Nc6 {[%clk
1:02:59]} 15. Qf3 {[%clk 1:03:02]} Bd7 {[%clk 0:57:48]} 16. Rh7 {[%clk 0:57:22]}
Qe7 {[%clk 0:29:01]} 17. Rxe7+ {[%clk 0:57:40]} Kxe7 {[%clk 0:29:30]} 18. Nge2
{[%clk 0:56:59]} Raf8 {[%clk 0:26:22]} 19. Qg2 {[%clk 0:57:04]} Nb4 {[%clk
0:26:18]} 20. O-O-O {[%clk 0:55:25]} b5 {[%clk 0:26:12]} 21. axb5 {[%clk
0:53:05]} axb5 {[%clk 0:26:39]} 22. f3 {[%clk 0:52:54]} Rc8 {[%clk 0:26:05]} 23.
Ng3 {[%clk 0:51:31]} Nxc2 {[%clk 0:26:19]} 24. Kxc2 {[%clk 0:51:09]} b4 {[%clk
0:26:50]} 25. Ra1 {[%clk 0:51:12]} Rc7 {[%clk 0:25:47]} 26. Nh5 {[%clk 0:50:29]}
Nxg4 {[%clk 0:24:22]} 27. Qxg4 {[%clk 0:50:12]} bxc3 {[%clk 0:24:10]} 28. bxc3
{[%clk 0:50:24]} e5 {[%clk 0:24:34]} 29. Qg3 {[%clk 0:49:56]} Bf5+ {[%clk
0:24:28]} 30. Kd2 {[%clk 0:50:26]} Rb7 {[%clk 0:22:34]} 31. Ra2 {[%clk 0:49:22]}
Ke6 {[%clk 0:22:28]} 32. dxe5 {[%clk 0:48:48]} Rgb8 {[%clk 0:22:03]} 33. Qxg5
{[%clk 0:48:22]} 1-0